000
00323nam a2200133Ia 4500
005
20260328104311.0
008
260328s9999||||xx |||||||||||||| ||und||
100
_a
Adriá, Miquel
245
0
_a
Teodoro González de León /
_c
Miquel Adriá
260
_b
Arquine
300
_a
140 p.
650
_a
ARQUITECTOS
942
_c
BK
999
_c
10973
_d
10973